| 000 | 00752cam a2200241Ia 4500 | ||
|---|---|---|---|
| 008 | |||
| 020 | _a9781849734097 (hbk.) | ||
| 049 | 1 | _aMAIN | |
| 090 |
_aTN790 _bKOZ |
||
| 100 | 1 | _aKozin, Leonid F. | |
| 245 | 1 | 0 |
_aMercury handbook : _bchemistry, applications and environmental impact / _cLeonid F. Kozin and Steve C Hansen. |
| 260 |
_aCambridge : _bRSC Publishing, _c2013. |
||
| 300 |
_axii, 321 p. : _bill. ; _c24 cm. |
||
| 500 | _aIncludes index. | ||
| 504 | _aIncludes bibliographical references. | ||
| 650 | 0 |
_aMercury _xMetallurgy. |
|
| 700 | 1 | _aHansen, Steve C. | |
| 907 |
_a.b10350044 _b18-11-14 _c18-11-14 |
||
| 003 | |||
| 005 | 20230123122116.0 | ||
| 040 | _cNUST | ||
| 942 |
_cBOOKS _kTN790 _mKOZ |
||
| 999 |
_c127944 _d127944 |
||